000 00368 a2200157 4500
001 49853
020 _a9788536009346
040 _cAnchieta - Bela Vista
100 _aViana, Antonio Carlos
240 1 0 _aO palhaço e a bailarina
_lpor
245 1 0 _aO palhaço e a bailarina
300 _a32
362 0 _a2007
650 4 _aLiteratura infanto-juvenil
942 _cBK
999 _c49853
_d49853